M. A. Iževskaja: Propaganda literatury o rodnom kraje (iz opyta detskich bibliotek.) Gosudarstvennaja ordena Lenina Biblioteka SSSR imeni Lenina, 1954. Moskva. 47 s. Cena 1 rub. 30 kop.

Recenzia sovietskeho zborníka na tému rodný kraj a regionálna literatúra od knižničných pracovníkov oboznamujúcich s úlohou knižníc pri propagácii literatúry na túto tému. Recenzent oboznamuje s obsahom jednotlivých príspevkov

Bibliographic Details
Main Author: Gašparec, Ignác, 1915-1987 (Author)
Format: Article
Language:Slovak
Subjects:
Online Access:plný text

MARC

LEADER 00000nab a2200000 4500
001 vtls008693650
003 SK-MaSNL
005 20260303073906.0
008 140301 1954 xo p 000 0 slo
015 |a SNBRRBDKK190120XX 
035 |a CLAS02vtls000013845 
040 |a SNKBUDKK  |b slo  |c SNKBUDKK  |e AACR2 
041 0 |a slo 
044 |a xo  |c SK 
080 |a 82  |x (082)  |x (47+57)  |2 1997 
080 |a 070.447  |2 1997 
080 |a 02  |x (082)  |x (47+57)  |2 1997 
100 1 |a Gašparec, Ignác,  |d 1915-1987  |4 aut  |9 158217 
245 1 0 |a M. A. Iževskaja: Propaganda literatury o rodnom kraje  |b (iz opyta detskich bibliotek.) Gosudarstvennaja ordena Lenina Biblioteka SSSR imeni Lenina, 1954. Moskva. 47 s. Cena 1 rub. 30 kop.  |c I. Gašparec 
500 |a Rubrika: Knižné novinky 
520 2 |a Recenzia sovietskeho zborníka na tému rodný kraj a regionálna literatúra od knižničných pracovníkov oboznamujúcich s úlohou knižníc pri propagácii literatúry na túto tému. Recenzent oboznamuje s obsahom jednotlivých príspevkov 
650 0 7 |a regionálna literatúra  |x knižnice  |z Sovietsky zväz  |x zborníky  |x recenzie  |2 snkbudkk  |9 1076172 
773 0 |t Knižnica : časopis pre knižnú kultúru  |g Roč. 6, č. 3 (1954), s. 139-140 
787 0 8 |i Rec.:  |a Iževskaja, M. A.  |t Propaganda literatury o rodnom kraje  |d Moskva : Gos. ord. Lenina Biblioteka SSSR im. Lenina, 1954 
850 |a Slovenská národná knižnica v Martine 
852 |a SNK  |b KIS3GCP 
856 4 1 |u http://www.viks.sk/dkk/kniznica1954_139_140.doc  |y plný text 
910 |a bdkk  |a memoriask 
999 |c 1769498  |d 1771428